| 000 | 02964nam0a2200469 4500 | ||
|---|---|---|---|
| 001 | RU\NLR\BIBL_A\012207906 | ||
| 005 | 20200715190011.0 | ||
| 010 |
_a978-5-9273-2704-1 _9100 |
||
| 021 |
_aRU _bКН-П-19-099563 _9КН-П-19-7316 |
||
| 035 | _a(NLR Aleph) 012207906 | ||
| 035 | _a(RuMoRGB)010210888 | ||
| 090 |
_a10871334 _c10871334 |
||
| 100 | _a20200205d2018 k y0rusy50 ca | ||
| 101 | 0 | _arus | |
| 102 | _aRU | ||
| 105 | _ay z 100zy | ||
| 181 | 0 |
_ai _baxxe |
|
| 182 | 0 | _an | |
| 200 | 1 |
_aМолодежь: свобода и ответственность _eматериалы ежегодных Митрофановских церковно-исторических чтений (г. Борисоглебск, 7 декабря 2018 г.), [проходивших в рамках XXVII Международных Рождественских образовательных чтений-2019] _fРусская Православная Церковь (Московский Патриархат), Воронежская митрополия, Борисоглебская епархия [и др. _gотв. ред.: иер. Ярослав Манохин] |
|
| 203 |
_aТекст _bвизуальный _cнепосредственный |
||
| 210 |
_aВоронеж _cИздательский дом ВГУ _d2018 |
||
| 215 |
_a271 с. _d21 |
||
| 309 | _aНа тит. л.: Вып. 3. Пред. чтения имеют др. загл. | ||
| 320 | _aБиблиогр. в конце ст. | ||
| 606 | 1 |
_aУчащиеся _jСъезды, совещания и т.п _xДуховно-нравственное воспитание _92479757 _3RU\NLR\AUTH\661472162 |
|
| 606 | 1 |
_aПравославие и молодежь _jСъезды, совещания и т.п _92428075 _3RU\NLR\AUTH\661445458 |
|
| 606 | 1 |
_aРусская филология _jСъезды, совещания и т.п _91533718 _3RU\NLR\AUTH\66969420 |
|
| 686 | 1 | _aЧ313.52я431 | |
| 686 | 1 | _aШ041.2я431 | |
| 686 | 2 | _aЭ372.24-112.682 | |
| 702 | 1 |
_aМанохин _bЯ. В. _gЯрослав Викторович _4340 |
|
| 711 | 1 | 2 |
_a"Молодежь: свобода и ответственность", Митрофановские церковно-исторические чтения _eВоронеж _f2018 _9695847 _3RU\NLR\AUTH\880517564 |
| 711 | 1 | 2 |
_aМеждународные Рождественские образовательные чтения _d27 _eМосква _f2019 _9653030 _3RU\NLR\AUTH\880496559 |
| 712 | 0 | 2 |
_4557 _aБорисоглебская епархия _9637090 _3RU\NLR\AUTH\880488336 |
| 942 | _cBOOK | ||
| 980 | _aNBR | ||
| 980 | _aNB | ||